000 00643nam a2200277Ia 4500
005 20260324150744.0
008 008 260324s9999 xx 000 0 eng d
020 _a9780429402128
037 _aEBOOK
040 _aCRL
040 _beng
040 _cCRL
041 _2eng
041 _aeng
084 _qCRL
100 _aKlause E. Knorr
_91227497
245 0 _aBritish Colonial Theories 1570 – 1850
260 _bTaylor and Francis
260 _c1944
365 _a
365 _b220
856 _uhttp://www.taylorfrancis.com/books/9780429402128
942 _cEBOOK
999 _c1837535
_d1837535